KEGUNAAN barang-barang hutan

Bibliographic Details
Format: Book
Published: Kepong : Unit Pelajaran dan Latihan Perhutanan Kolej dan Sekolah Perhutanan , (19 )
Subjects:

MARC

LEADER 00000cam a2200000 7i4500
001 0000001822
005 20020131.0
090 0 0 |a 634.98   |b KEG (19 ) 
245 0 0 |a KEGUNAAN barang-barang hutan 
260 0 0 |a Kepong :   |b Unit Pelajaran dan Latihan Perhutanan Kolej dan Sekolah Perhutanan ,   |c (19 ) 
300 |a xi, 128 p. :   |b ill. ;   |c 26 cm. 
650 0 0 |a Forest products 
650 0 0 |a Timber   |x Economic aspects 
998 |a JPSM 
999 |a 0000002847   |b Monograph   |c Open Shelf   |e Default branch